Mainstreaming pandemic in urban planning: An overview (Record no. 519224)

000 -LEADER
fixed length control field 01657nam a22001577a 4500
008 - FIXED-LENGTH DATA ELEMENTS--GENERAL INFORMATION
fixed length control field 220215b ||||| |||| 00| 0 eng d
100 ## - MAIN ENTRY--PERSONAL NAME
Personal name Agarwal, Abha and Lata, Kusum
245 ## - TITLE STATEMENT
Title Mainstreaming pandemic in urban planning: An overview
260 ## - PUBLICATION, DISTRIBUTION, ETC. (IMPRINT)
Place of publication, distribution, etc Indian Journal of Public Administration
300 ## - PHYSICAL DESCRIPTION
Extent 67(3), Sep, 2021: p.413-424
520 ## - SUMMARY, ETC.
Summary, etc Cities, the main places where majority of the world population resides, are the centres of economic growth and innovation. Globally, the urban areas are facing public health emergency (Covid-19 pandemic), which has affected the economic and social lives of people and all the activities have come to a standstill. The issue of urban vulnerability has been brought up in context to pandemics and communities need to be prepared for it. The article focuses on the measures taken by the Indian government during the lockdown and about how successful were these measures in controlling the spread of the virus infection. The lacunae in the urban planning policies have been analysed with a focus on community participation in the decision-making to combat disasters. Examples of successful community participation in cities from India and abroad have been highlighted. Finally, policy initiatives have been identified by which the future epidemics can be handled in an organised manner, by making the urban planning process more citizen centric. – Reproduced
650 ## - SUBJECT ADDED ENTRY--TOPICAL TERM
Topical term or geographic name as entry element Pandemic, Urban planning, community participation, URDPFI guidelines, Community-led ebola action, Local area plans
9 (RLIN) 29904
773 ## - HOST ITEM ENTRY
Main entry heading Indian Journal of Public Administration
906 ## - LOCAL DATA ELEMENT F, LDF (RLIN)
Subject DIP URBAN PLANNING
942 ## - ADDED ENTRY ELEMENTS (KOHA)
Item type Articles
Holdings
Withdrawn status Lost status Source of classification or shelving scheme Damaged status Not for loan Permanent location Current location Date acquired Serial Enumeration / chronology Barcode Date last seen Koha item type
          Indian Institute of Public Administration Indian Institute of Public Administration 2022-02-15 67(3), Sep, 2021: p.413-424 AR126256 2022-02-15 Articles

Powered by Koha